|
|
|
|
| LEADER |
00000nam a2200000Ii 4500 |
| 001 |
DIGRILEDIT0999 |
| 003 |
NyNyDIG |
| 006 |
m o d |
| 007 |
cr ||||||||||| |
| 008 |
220420s2019 cl a o 000 0 spa d |
| 035 |
|
|
|a (OCoLC)1283844607
|
| 040 |
|
|
|a DGITA
|b eng
|e rda
|e pn
|c DGITA
|
| 020 |
|
|
|z 9789560107138
|
| 050 |
1 |
4 |
|a LC220.5 ebook
|
| 245 |
0 |
0 |
|a Compartiendo una mirada del aprendizaje y servicio /
|c Gema Santander (editora)
|
| 250 |
|
|
|a Primera edición.
|
| 264 |
|
1 |
|a Santiago de Chile :
|b UST, Universidad Santo Tomás :
|b RiL editores,
|c [2019]
|
| 300 |
|
|
|a 1 online resource :
|b illustrations.
|
| 336 |
|
|
|a text
|b txt
|2 rdacontent
|
| 337 |
|
|
|a computer
|b c
|2 rdamedia
|
| 338 |
|
|
|a online resource
|b cr
|2 rdacarrier
|
| 347 |
|
|
|a text file
|2 rdaft
|
| 347 |
|
|
|b PDF
|
| 588 |
0 |
|
|a Online resource; title from PDF title page (Digitalia, viewed April 20, 2022)
|
| 650 |
|
0 |
|a Service learning.
|
| 650 |
|
0 |
|a Learning.
|
| 655 |
|
0 |
|a Electronic books.
|
| 700 |
1 |
|
|a Santander, Gema,
|e editor.
|
| 791 |
2 |
|
|a Digitalia (Firm),
|e distributor.
|
| 793 |
0 |
|
|g Digitalia eBook Collection:
|a Ril Editores
|
| 776 |
0 |
8 |
|i Print version:
|t Compartiendo una mirada del aprendizaje y servicio.
|b Primera edición.
|d Santiago de Chile : RiL editores, [2019]
|z 9789560107138
|
| 856 |
4 |
0 |
|3 Digitalia Hispánica
|u https://www.digitaliapublishing.com/a/65493/
|
| 910 |
|
|
|a Premium collection: 2022
|